=LDR 00000nam 2200000 4500 =001 INLIS000000000035833 =005 20130612141648 =008 ***********************************Ind** =035 ##$$0010-061300000035833 =041 ##$$a Ind =082 ##$$a 615.882 =090 ##$$a 615.882, Sis a2 =100 ##$$a Siswoyo, Pujo =245 ##$$a Tumbuhan Berkhasiat Obat, Alternatif obat dengan tumbuhan alami =260 ##$$a 2004 $b Yogyakarta =300 ##$$a 172 hlm, ilus, 20 cm =650 ##$$a Tanaman Obat =850 ##$$a NBPNMAT